Superlatifs Canadiens - Statistiques

Statistiques générales
  • Ce quiz a été pris 28 fois
  • Le résultat moyen est 6 sur 11
Statistiques - réponses
Indication Dates Réponse % Correct
Ville plus grande 2 615 060 habitants Toronto
92%
Voisin plus grand (c'est aussi le seul voisin) 9 826 675 km² États-Unis
88%
Province plus grande 1 542 056 km² Québec
83%
Territoire plus grand 2 093 190 km² Nunavut
71%
Province plus petite 5 660 km² Île-du-Prince-Édouard
67%
Territoire plus petit 482 443 km² Yukon
63%
Lac plus grand 82 100 km² Lac Supérieur
58%
Île plus grande 507 451 km² Île de Baffin
42%
Lac plus grand qui se trouve entièrement en Canada 31 153 km² Grand lac de l'Ours
29%
Montagne plus grande 5 959 m Mont Logan
17%
Edifice plus haute 355 m First Canadian Place
0%
Aucun quiz correspondant
Distribution des résultats
% des personnes avec chaque résultat
Percentile par nombre de réponses
Votre historique - résultats
Vous n’avez pas pris ce quiz